[Event "Chebanenko Memorial Net"]
[Site "Chess.com INT"]
[Date "2020.05.24"]
[Round "8.3"]
[White "Komliakov, Viktor"]
[Black "Schitco, Ivan"]
[Result "1/2-1/2"]
[WhiteElo "2372"]
[BlackElo "2467"]
[PlyCount "117"]
[EventDate "2020.05.23"]
[EventType "tourn (rapid)"]
[EventRounds "9"]
[EventCountry "MDA"]
[EventCategory "10"]
[SourceTitle "CBM 196 Extra"]
[Source "ChessBase"]
[SourceDate "2020.07.31"]
[SourceVersion "1"]
[SourceVersionDate "2020.07.31"]
[SourceQuality "1"]

1. e4 e5 2. Nf3 Nc6 3. d4 exd4 4. Nxd4 Nf6 5. Nc3 Bb4 6. Nxc6 bxc6 7. Bd3 0-0 8. 0-0 Re8 9. Bg5 h6 10. Bh4 g5 11. Bg3 Bxc3 12. bxc3 Nxe4 13. Qh5 d6 14. f4 Bf5 15. fxg5 Bg6 16. Qxh6 Qxg5 17. Qxg5 Nxg5 18. Bh4 Ne4 19. c4 Nc5 20. Rf3 Nxd3 21. cxd3 Re6 22. Rb1 Rae8 23. Rb7 Re2 24. Bf6 Rxa2 25. h4 Kh7 26. Rxc7 Rg8 27. Rg3 c5 28. Rg5 Kh6 29. Rd5 a5 30. Bg5+ Kh5 31. Kh2 Kg4 32. Bf6 Re8 33. Rg5+ Kf4 34. h5 Bxd3 35. Rxf7 Bxc4 36. Re7 Rxe7 37. Bxe7 Bd3 38. Rg7 Ke5 39. h6 c4 40. h7 Bxh7 41. Rxh7 c3 42. Rh5+ Ke4 43. Rh4+ Kd3 44. Rh3+ Kd2 45. Bxd6 Ra4 46. Be7 Rg4 47. Rh8 c2 48. Rd8+ Ke2 49. Rc8 Kd3 50. Ba3 Ra4 51. Bc1 Rh4+ 52. Kg1 a4 53. Rd8+ Kc3 54. Kf2 Rh1 55. Rc8+ Kb3 56. Rb8+ Kc3 57. Rc8+ Kb3 58. Rb8+ Kc3 59. Rc8+ 1/2-1/2

[Event "Chebanenko Memorial Net"]
[Site "Chess.com INT"]
[Date "2020.05.23"]
[Round "1.2"]
[White "Komliakov, Viktor"]
[Black "Iordachescu, Viorel"]
[Result "0-1"]
[WhiteElo "2372"]
[BlackElo "2589"]
[PlyCount "68"]
[EventDate "2020.05.23"]
[EventType "tourn (rapid)"]
[EventRounds "9"]
[EventCountry "MDA"]
[EventCategory "10"]
[SourceTitle "CBM 196 Extra"]
[Source "ChessBase"]
[SourceDate "2020.07.31"]
[SourceVersion "1"]
[SourceVersionDate "2020.07.31"]
[SourceQuality "1"]

1. e4 e5 2. Nf3 Nc6 3. Bc4 Nf6 4. d3 Be7 5. 0-0 0-0 6. Re1 d6 7. a4 Kh8 8. h3 h6 9. a5 a6 10. c3 Nh7 11. d4 Ng5 12. Nbd2 f5 13. Bd5 exd4 14. cxd4 Nb4 15. Qb3 Nxd5 16. exd5 f4 17. Nxg5 Bxg5 18. Nf3 Rb8 19. Bd2 b5 20. axb6 Rxb6 21. Qc3 Bb7 22. Ra5 Rb5 23. Rxb5 axb5 24. Qb3 Qd7 25. Nxg5 hxg5 26. Qf3 Qf7 27. Re6 Qxe6 28. dxe6 Bxf3 29. gxf3 c6 30. Bb4 Re8 31. Bxd6 Rxe6 32. Bc5 Kh7 33. Kg2 Kg6 34. b4 Kf5 0-1

[Event "Chebanenko Memorial Net"]
[Site "Chess.com INT"]
[Date "2020.05.23"]
[Round "5.2"]
[White "Macovei, Andrei"]
[Black "Komliakov, Viktor"]
[Result "1-0"]
[WhiteElo "2453"]
[BlackElo "2372"]
[PlyCount "77"]
[EventDate "2020.05.23"]
[EventType "tourn (rapid)"]
[EventRounds "9"]
[EventCountry "MDA"]
[EventCategory "10"]
[SourceTitle "CBM 196 Extra"]
[Source "ChessBase"]
[SourceDate "2020.07.31"]
[SourceVersion "1"]
[SourceVersionDate "2020.07.31"]
[SourceQuality "1"]

1. e4 g6 2. d4 Bg7 3. Nf3 d6 4. c3 Nf6 5. Bd3 Nc6 6. 0-0 e5 7. h3 0-0 8. Re1 Nh5 9. Be3 h6 10. Nbd2 Qf6 11. Bf1 Nf4 12. b4 g5 13. b5 Ne7 14. a4 Neg6 15. a5 h5 16. b6 g4 17. hxg4 Bxg4 18. bxc7 Rfc8 19. d5 h4 20. g3 hxg3 21. fxg3 Bh6 22. gxf4 Nxf4 23. Bxf4 Bxf4 24. Bg2 Rxc7 25. c4 Kf8 26. Kf2 Ke7 27. Rh1 Rac8 28. Rb1 Rg8 29. Bh3 Bxd2 30. Bxg4 Bxa5 31. Bf5 Bb6+ 32. Rxb6 axb6 33. Qb3 Kf8 34. Qxb6 Qd8 35. Rh6 Ke7 36. Nxe5 Rg7 37. c5 Rxc5 38. Qxb7+ Qc7 39. Nc6+ 1-0

[Event "Skalica op"]
[Site "Skalica"]
[Date "2019.08.30"]
[Round "8"]
[White "Potapov, Pavel"]
[Black "Komliakov, Viktor"]
[Result "1/2-1/2"]
[WhiteElo "2496"]
[BlackElo "2366"]
[PlyCount "37"]
[EventDate "2019.08.25"]
[EventType "swiss"]
[EventRounds "9"]
[EventCountry "SVK"]
[SourceTitle "EXT 2020"]
[Source "ChessBase"]
[SourceDate "2019.10.17"]
[SourceVersion "1"]
[SourceVersionDate "2019.10.17"]
[SourceQuality "1"]

1. e4 g6 2. d4 Bg7 3. Nc3 c6 4. f4 d5 5. e5 Nh6 6. Nf3 f6 7. Be3 Bg4 8. h3 Bxf3 9. Qxf3 0-0 10. exf6 exf6 11. g4 f5 12. g5 Nf7 13. 0-0-0 Re8 14. h4 Nd7 15. h5 Nf8 16. Kb1 Qe7 17. Bf2 Nd6 18. Bg2 Rad8 19. Rhe1 1/2-1/2

[Event "Skalica op"]
[Site "Skalica"]
[Date "2019.08.27"]
[Round "4"]
[White "Czebe, Attila"]
[Black "Komliakov, Viktor"]
[Result "1/2-1/2"]
[WhiteElo "2413"]
[BlackElo "2366"]
[PlyCount "64"]
[EventDate "2019.08.25"]
[EventType "swiss"]
[EventRounds "9"]
[EventCountry "SVK"]
[SourceTitle "EXT 2020"]
[Source "ChessBase"]
[SourceDate "2019.10.17"]
[SourceVersion "1"]
[SourceVersionDate "2019.10.17"]
[SourceQuality "1"]

1. d4 d5 2. Bf4 Nf6 3. e3 e6 4. Bd3 c5 5. Nf3 Nc6 6. 0-0 Bd6 7. Bxd6 Qxd6 8. Nbd2 0-0 9. dxc5 Qxc5 10. e4 dxe4 11. Nxe4 Nxe4 12. Bxe4 Rd8 13. Qe2 Bd7 14. Rfd1 Be8 15. c3 h6 16. Rd3 Rxd3 17. Bxd3 Rd8 18. Rd1 g6 19. h3 Kg7 20. Be4 Rxd1+ 21. Qxd1 f5 22. Bc2 e5 23. Bb3 e4 24. Nd4 Nxd4 25. cxd4 Qd6 26. d5 Qe5 27. Qd2 b6 28. d6 Bd7 29. Qb4 Qc5 30. Qd2 g5 31. Qe2 Kf6 32. Qh5 Qc1+ 1/2-1/2

[Event "Skalica op"]
[Site "Skalica"]
[Date "2019.08.26"]
[Round "3"]
[White "Komliakov, Viktor"]
[Black "Maiorov, Nikita"]
[Result "1/2-1/2"]
[WhiteElo "2366"]
[BlackElo "2512"]
[PlyCount "20"]
[EventDate "2019.08.25"]
[EventType "swiss"]
[EventRounds "9"]
[EventCountry "SVK"]
[SourceTitle "EXT 2020"]
[Source "ChessBase"]
[SourceDate "2019.10.17"]
[SourceVersion "1"]
[SourceVersionDate "2019.10.17"]
[SourceQuality "1"]

1. e4 e5 2. Nf3 Nc6 3. Bc4 Bc5 4. c3 Nf6 5. d3 0-0 6. 0-0 d6 7. Nbd2 a6 8. Bb3 Kh8 9. Nc4 Ba7 10. h3 Ne7 1/2-1/2

[Event "Moscow ACF Botvinnik Memorial"]
[Site "Moscow"]
[Date "2018.08.14"]
[Round "7.3"]
[White "Kirillov, Dmitry1111"]
[Black "Komliakov, Viktor"]
[Result "0-1"]
[WhiteElo "2209"]
[BlackElo "2366"]
[PlyCount "64"]
[EventDate "2018.08.10"]
[EventType "team-swiss"]
[EventRounds "7"]
[EventCountry "RUS"]
[SourceTitle "CBM 186 Extra"]
[Source "ChessBase"]
[SourceDate "2018.08.24"]
[SourceVersion "1"]
[SourceVersionDate "2018.08.24"]
[SourceQuality "1"]
[WhiteTeam "Russia"]
[BlackTeam "Moldova"]
[WhiteTeamCountry "RUS"]
[BlackTeamCountry "MDA"]

1. e4 g6 2. d4 Bg7 3. Nc3 c6 4. Be3 d5 5. e5 f6 6. f4 Nh6 7. Nf3 Bg4 8. h3 Bxf3 9. Qxf3 0-0 10. Qe2 Nf5 11. Bf2 fxe5 12. dxe5 e6 13. 0-0-0 Nd7 14. h4 c5 15. h5 g5 16. Nxd5 exd5 17. Rxd5 gxf4 18. e6 Qf6 19. exd7 Qxb2+ 20. Kd2 Qc3+ 21. Kd1 Ne3+ 22. Bxe3 fxe3 23. Qc4 Qa1+ 24. Ke2 Kh8 25. Qh4 Qxa2 26. h6 Qxc2+ 27. Kxe3 Qc1+ 28. Ke2 Bf6 29. Qxf6+ Rxf6 30. d8Q+ Rf8 31. Qd6 Rae8+ 32. Re5 Qb2+ 0-1

[Event "Moscow ACF Botvinnik Memorial"]
[Site "Moscow"]
[Date "2018.08.14"]
[Round "7.1"]
[White "Skatchkov, Valery"]
[Black "Komliakov, Viktor"]
[Result "0-1"]
[WhiteElo "2305"]
[BlackElo "2366"]
[PlyCount "50"]
[EventDate "2018.08.10"]
[EventType "team-swiss"]
[EventRounds "7"]
[EventCountry "RUS"]
[SourceTitle "CBM 186 Extra"]
[Source "ChessBase"]
[SourceDate "2018.08.24"]
[SourceVersion "1"]
[SourceVersionDate "2018.08.24"]
[SourceQuality "1"]
[WhiteTeam "Russia"]
[BlackTeam "Moldova"]
[WhiteTeamCountry "RUS"]
[BlackTeamCountry "MDA"]

1. d4 d6 2. e4 Nf6 3. Nc3 c6 4. Nf3 Bg4 5. h3 Bh5 6. Bd3 e6 7. Bf4 d5 8. e5 Nfd7 9. g4 Bg6 10. h4 a6 11. a3 c5 12. dxc5 Bxc5 13. b4 Be7 14. Bxg6 hxg6 15. h5 Nc6 16. Qd2 Nb6 17. Kf1 Rc8 18. Kg2 gxh5 19. b5 Na5 20. bxa6 bxa6 21. Qd3 Nbc4 22. gxh5 Qc7 23. Ne2 Nb7 24. Ng3 Nc5 25. Nd4 Nxd3 0-1

[Event "Moscow ACF Botvinnik Memorial"]
[Site "Moscow"]
[Date "2018.08.13"]
[Round "6.7"]
[White "Komliakov, Viktor"]
[Black "Grigoryan, Aram"]
[Result "1/2-1/2"]
[WhiteElo "2366"]
[BlackElo "1805"]
[PlyCount "38"]
[EventDate "2018.08.10"]
[EventType "team-swiss"]
[EventRounds "7"]
[EventCountry "RUS"]
[SourceTitle "CBM 186 Extra"]
[Source "ChessBase"]
[SourceDate "2018.08.24"]
[SourceVersion "1"]
[SourceVersionDate "2018.08.24"]
[SourceQuality "1"]
[WhiteTeam "Moldova"]
[BlackTeam "Armenia"]
[WhiteTeamCountry "MDA"]
[BlackTeamCountry "ARM"]

1. e4 e6 2. d4 d5 3. Nd2 Nc6 4. c3 e5 5. exd5 Qxd5 6. Ngf3 exd4 7. Bc4 Qf5 8. 0-0 Be6 9. Bxe6 fxe6 10. Nxd4 Nxd4 11. cxd4 0-0-0 12. Nf3 Bd6 13. Re1 Nf6 14. Bg5 Rhe8 15. Qb1 Qg4 16. Qc2 Qh5 17. Rac1 Re7 18. Re5 Qf7 19. Re2 Qh5 1/2-1/2

[Event "Moscow ACF Botvinnik Memorial"]
[Site "Moscow"]
[Date "2018.08.11"]
[Round "3.3"]
[White "Urmonov, Davron"]
[Black "Komliakov, Viktor"]
[Result "0-1"]
[WhiteElo "1593"]
[BlackElo "2366"]
[PlyCount "92"]
[EventDate "2018.08.10"]
[EventType "team-swiss"]
[EventRounds "7"]
[EventCountry "RUS"]
[SourceTitle "CBM 186 Extra"]
[Source "ChessBase"]
[SourceDate "2018.08.24"]
[SourceVersion "1"]
[SourceVersionDate "2018.08.24"]
[SourceQuality "1"]
[WhiteTeam "Uzbekistan"]
[BlackTeam "Moldova"]
[WhiteTeamCountry "UZB"]
[BlackTeamCountry "MDA"]

1. Nf3 d6 2. c4 e5 3. d4 e4 4. Nfd2 f5 5. Nc3 Nf6 6. e3 g6 7. Be2 Bh6 8. b3 c6 9. Qc2 Na6 10. Ba3 Nc7 11. 0-0-0 d5 12. h3 Be6 13. Kb1 f4 14. cxd5 cxd5 15. Bb5+ Kf7 16. Rhe1 fxe3 17. fxe3 Rc8 18. Qb2 Kg7 19. g4 Bg5 20. Bf1 h5 21. gxh5 Rxh5 22. Rc1 Nce8 23. Na4 Rxc1+ 24. Qxc1 b6 25. Qc3 Nd6 26. Qc6 Nfe8 27. Nc3 Bd7 28. Qxd5 Bh4 29. Qxh5 gxh5 30. Re2 Kh6 31. Kb2 Bf5 32. Bg2 Nf6 33. Bxd6 Qxd6 34. Ndxe4 Nxe4 35. Nxe4 Bxe4 36. Bxe4 Bg3 37. Kc3 b5 38. Kd3 b4 39. Rc2 Qa6+ 40. Kd2 Qf1 41. Rc6+ Kg5 42. Rc5+ Kh4 43. Bg6 Be1+ 44. Kc2 Qe2+ 45. Kb1 Bc3 46. Rxh5+ Kg3 0-1

[Event "Pardubice op rapid 28th"]
[Site "Pardubice"]
[Date "2017.07.20"]
[Round "7"]
[White "Komliakov, Viktor"]
[Black "Nihal, Sarin"]
[Result "0-1"]
[WhiteElo "2373"]
[BlackElo "2471"]
[PlyCount "106"]
[EventDate "2017.07.19"]
[EventType "swiss (rapid)"]
[EventRounds "9"]
[EventCountry "CZE"]
[SourceTitle "CBM 179 Extra"]
[Source "ChessBase"]
[SourceDate "2017.08.23"]
[SourceVersion "1"]
[SourceVersionDate "2017.08.23"]
[SourceQuality "1"]

1. e4 c5 2. Nf3 d6 3. Bb5+ Bd7 4. Bxd7+ Qxd7 5. c4 Nc6 6. Nc3 g6 7. d4 cxd4 8. Nxd4 Bg7 9. Nde2 Nf6 10. f3 0-0 11. Bg5 Rac8 12. b3 Rfd8 13. Qd2 e6 14. Rd1 a6 15. 0-0 Qc7 16. Kh1 Qa5 17. a4 Qb4 18. Rb1 Rd7 19. Rfd1 Ne8 20. Be3 Rcd8 21. Qc2 Qa5 22. b4 Nxb4 23. Qb3 Nc6 24. Bb6 Qh5 25. Bxd8 Nxd8 26. f4 Nf6 27. h3 Qc5 28. Qb4 Qc7 29. e5 dxe5 30. fxe5 Rxd1+ 31. Rxd1 Ne8 32. c5 Bxe5 33. Qb6 Nc6 34. Qxc7 Nxc7 35. Ne4 Nd5 36. Rb1 Na5 37. g4 Kf8 38. Ng1 Nc3 39. Nxc3 Bxc3 40. Nf3 Ke7 41. Kg2 f6 42. Kf2 e5 43. Ke3 f5 44. gxf5 gxf5 45. Rc1 Bb2 46. Rc2 e4 47. Nh4 Ke6 48. Rf2 Bc1+ 49. Kd4 Nc6+ 50. Kc3 f4 51. Rg2 f3 52. Rg8 f2 53. Rf8 Bg5 0-1

[Event "Pardubice op rapid 28th"]
[Site "Pardubice"]
[Date "2017.07.19"]
[Round "1"]
[White "Kyrychenko, Maryan"]
[Black "Komliakov, Viktor"]
[Result "1/2-1/2"]
[WhiteElo "2010"]
[BlackElo "2373"]
[PlyCount "105"]
[EventDate "2017.07.19"]
[EventType "swiss (rapid)"]
[EventRounds "9"]
[EventCountry "CZE"]
[SourceTitle "CBM 179 Extra"]
[Source "ChessBase"]
[SourceDate "2017.08.23"]
[SourceVersion "1"]
[SourceVersionDate "2017.08.23"]
[SourceQuality "1"]

1. e4 g6 2. d4 Bg7 3. Nc3 c6 4. Be3 d5 5. e5 f6 6. f4 Nh6 7. Nf3 Bg4 8. Be2 0-0 9. Qd2 Nf5 10. 0-0-0 Nxe3 11. Qxe3 Bh6 12. g3 Nd7 13. Kb1 Bxf3 14. Bxf3 fxe5 15. dxe5 e6 16. h4 Qe7 17. Ne2 Nb6 18. b3 c5 19. g4 d4 20. Qe4 Nd5 21. g5 Bg7 22. h5 Rxf4 23. Qxd5 exd5 24. Nxf4 Rd8 25. hxg6 hxg6 26. Nxd5 Qxe5 27. Rde1 Rxd5 28. Rxe5 Rxe5 29. Bxb7 Rxg5 30. Ba6 Be5 31. Bc4+ Kg7 32. Rf1 Bf6 33. Bd3 Rg3 34. Kb2 Bg5 35. Ka3 Be3 36. Ka4 Rg5 37. Bc4 Rf5 38. Rxf5 gxf5 39. Kb5 Kf6 40. Ka6 Ke5 41. Kxa7 d3 42. cxd3 f4 43. Kb7 f3 44. d4+ cxd4 45. Bd3 Bd2 46. Kc6 Kf4 47. Kd5 Ke3 48. Kc4 Bc3 49. a4 Kd2 50. Bf1 Ke1 51. Bd3 Kd2 52. Bf1 Ke3 53. Bd3 1/2-1/2

[Event "Senica IM"]
[Site "Senica"]
[Date "2017.05.12"]
[Round "6"]
[White "Kostolansky, Sebastian Lukas"]
[Black "Komliakov, Viktor"]
[Result "1/2-1/2"]
[WhiteElo "2154"]
[BlackElo "2394"]
[PlyCount "215"]
[EventDate "2017.05.08"]
[EventType "tourn"]
[EventRounds "9"]
[EventCountry "SVK"]
[EventCategory "1"]
[SourceTitle "CBM 178 Extra"]
[Source "ChessBase"]
[SourceDate "2017.06.22"]
[SourceVersion "1"]
[SourceVersionDate "2017.06.22"]
[SourceQuality "1"]

1. e4 g6 2. d4 Bg7 3. Nc3 c6 4. h3 d5 5. Nf3 dxe4 6. Nxe4 Nd7 7. Bc4 Ngf6 8. Nxf6+ Nxf6 9. 0-0 0-0 10. Re1 Nd5 11. c3 Qd6 12. Bg5 Be6 13. Nd2 Qd7 14. Bb3 f6 15. Bh4 Bf7 16. Ne4 b6 17. Qf3 a5 18. a3 Nc7 19. Bxf7+ Rxf7 20. Rad1 Bh6 21. c4 a4 22. d5 cxd5 23. cxd5 f5 24. Nc3 Re8 25. Rxe7 Rexe7 26. Bxe7 Qxe7 27. d6 Qe6 28. dxc7 Rxc7 29. Qa8+ Bf8 30. Qxa4 Bc5 31. Qa8+ Kg7 32. Qd5 Qf6 33. Nb5 Rf7 34. b4 Bf8 35. Nd4 Re7 36. Qc6 Qxc6 37. Nxc6 Re2 38. Nd4 Ra2 39. Ne6+ Kf7 40. Ng5+ Ke7 41. Rd3 h6 42. Nf3 Ra1+ 43. Kh2 Ra2 44. Ne5 g5 45. Nc4 Rxf2 46. Nxb6 Rb2 47. Nc4 Rb1 48. Kg3 Ke6 49. Kf3 h5 50. Re3+ Kf6 51. Re2 g4+ 52. Kg3 Rb3+ 53. Kh4 gxh3 54. gxh3 Be7 55. Re3 f4 56. Re4 Bd8 57. Kxh5 Rxh3+ 58. Kg4 Rg3+ 59. Kxf4 Bc7+ 60. Ne5 Rxa3 61. b5 Rb3 62. Rc4 Bxe5+ 63. Ke4 Rxb5 64. Rc6+ Ke7 65. Rh6 Bf6 66. Rh7+ Ke6 67. Ra7 Be7 68. Ra4 Bd6 69. Rc4 Rh5 70. Kf3 Kf5 71. Ra4 Be5 72. Rc4 Rh3+ 73. Kg2 Rb3 74. Kf2 Bf4 75. Rc8 Kg4 76. Rg8+ Bg5 77. Ke2 Rc3 78. Rf8 Bf4 79. Rf7 Re3+ 80. Kd1 Kf3 81. Kc2 Re8 82. Kd3 Rd8+ 83. Kc2 Ke4 84. Re7+ Kd4 85. Kd1 Kd3 86. Re8 Rd5 87. Ke1 Be3 88. Ra8 Bc5 89. Rb8 Be3 90. Rb3+ Ke4 91. Rb8 Kf3 92. Rb3 Rd8 93. Ra3 Rc8 94. Rd3 Rc1+ 95. Rd1 Rc3 96. Rd8 Bf4 97. Rd7 Ra3 98. Kd1 Ra2 99. Rd8 Be3 100. Re8 Rd2+ 101. Ke1 Rd7 102. Rf8+ Bf4 103. Rf5 Rc7 104. Rd5 Ke3 105. Kf1 Rc1+ 106. Kg2 Rc2+ 107. Kf1 Kf3 108. Ke1 1/2-1/2

[Event "Senica IM"]
[Site "Senica"]
[Date "2017.05.08"]
[Round "1"]
[White "Komliakov, Viktor"]
[Black "Plat, Vojtech"]
[Result "0-1"]
[WhiteElo "2394"]
[BlackElo "2522"]
[PlyCount "90"]
[EventDate "2017.05.08"]
[EventType "tourn"]
[EventRounds "9"]
[EventCountry "SVK"]
[EventCategory "1"]
[SourceTitle "CBM 178 Extra"]
[Source "ChessBase"]
[SourceDate "2017.06.22"]
[SourceVersion "1"]
[SourceVersionDate "2017.06.22"]
[SourceQuality "1"]

1. e4 d6 2. d4 Nf6 3. Nc3 e5 4. dxe5 dxe5 5. Qxd8+ Kxd8 6. Bg5 Be6 7. 0-0-0+ Nbd7 8. g3 Kc8 9. f4 Bg4 10. Be2 Bxe2 11. Ngxe2 Ng4 12. fxe5 Ngxe5 13. Rhf1 f6 14. Be3 b6 15. h3 Kb7 16. b3 Ba3+ 17. Kb1 Rhe8 18. Bc1 Bf8 19. Kb2 Rad8 20. a3 Nc5 21. Rxd8 Rxd8 22. Be3 Re8 23. g4 Nxe4 24. Nxe4 Nxg4 25. hxg4 Rxe4 26. Rf3 Rxg4 27. a4 h5 28. Kc3 Bd6 29. Kd3 h4 30. Bf4 Bc5 31. c3 a5 32. Bd2 Bd6 33. Bf4 Be7 34. Bd2 g5 35. Nd4 Rg2 36. Nf5 Bc5 37. Ne3 Bxe3 38. Bxe3 g4 39. Rxf6 h3 40. Rh6 h2 41. Bf4 g3 42. Rh7 Rg1 43. Rxc7+ Ka6 44. b4 axb4 45. cxb4 h1Q 0-1

[Event "Chebanenco Memorial"]
[Site "Kishinev"]
[Date "2017.03.31"]
[Round "5"]
[White "Bortnyk, Olexandr"]
[Black "Komliakov, Viktor"]
[Result "1-0"]
[WhiteElo "2566"]
[BlackElo "2394"]
[PlyCount "75"]
[EventDate "2017.03.31"]
[EventType "swiss (rapid)"]
[EventRounds "9"]
[EventCountry "MDA"]
[SourceTitle "CBM 177 Extra"]
[Source "ChessBase"]
[SourceDate "2017.04.27"]
[SourceVersion "1"]
[SourceVersionDate "2017.04.27"]
[SourceQuality "1"]

1. d4 d6 2. Nc3 c6 3. e4 Nf6 4. f4 g6 5. Nf3 Bg7 6. e5 Nd5 7. Nxd5 cxd5 8. Bd3 Nc6 9. 0-0 Bg4 10. c3 e6 11. Qb3 Rb8 12. Qa3 Bf8 13. Bb5 Bxf3 14. Rxf3 dxe5 15. Qxa7 e4 16. Rh3 Bd6 17. Qa4 Qc7 18. f5 gxf5 19. c4 Ke7 20. c5 Bf4 21. Bxf4 Qxf4 22. Bxc6 bxc6 23. Qxc6 Rxb2 24. Rf1 Qb8 25. Rb3 Rxb3 26. axb3 Kf6 27. Qa4 Qa8 28. Qb4 Rb8 29. Qc3 Qa2 30. c6 Rxb3 31. Qc1 e3 32. c7 Rb2 33. Qxb2 Qxb2 34. c8Q e2 35. Qh8+ Kg6 36. Re1 Qd2 37. Qg8+ Kf6 38. Qg3 1-0

[Event "Senica 6th"]
[Site "Senica"]
[Date "2015.08.30"]
[Round "7"]
[White "Richterova, Natasa"]
[Black "Komliakov, Viktor"]
[Result "1/2-1/2"]
[WhiteElo "2129"]
[BlackElo "2416"]
[PlyCount "49"]
[EventDate "2015.08.26"]
[EventType "tourn"]
[EventRounds "9"]
[EventCountry "SVK"]
[EventCategory "2"]
[SourceTitle "EXT 2016"]
[Source "ChessBase"]
[SourceDate "2015.10.08"]
[SourceVersion "1"]
[SourceVersionDate "2015.10.08"]
[SourceQuality "1"]

1. d4 d5 2. c4 c6 3. Nc3 Nf6 4. Nf3 a6 5. e3 b5 6. b3 Bg4 7. Be2 Nbd7 8. 0-0 e6 9. h3 Bh5 10. Bb2 Qb8 11. cxd5 cxd5 12. Ne5 Bxe2 13. Nxe2 Bd6 14. Nxd7 Nxd7 15. Rc1 0-0 16. Rc6 Rc8 17. Qc2 Qb7 18. Rc1 Nb6 19. Kf1 Rxc6 20. Qxc6 Qxc6 21. Rxc6 Nc8 22. Nc1 Kf8 23. Nd3 Ke8 24. Ke2 Kd7 25. Rc2 1/2-1/2

[Event "Senica 6th"]
[Site "Senica"]
[Date "2015.08.29"]
[Round "6"]
[White "Komliakov, Viktor"]
[Black "Jablonicky, Martin"]
[Result "1/2-1/2"]
[WhiteElo "2416"]
[BlackElo "2203"]
[PlyCount "61"]
[EventDate "2015.08.26"]
[EventType "tourn"]
[EventRounds "9"]
[EventCountry "SVK"]
[EventCategory "2"]
[SourceTitle "EXT 2016"]
[Source "ChessBase"]
[SourceDate "2015.10.08"]
[SourceVersion "1"]
[SourceVersionDate "2015.10.08"]
[SourceQuality "1"]

1. e4 Nf6 2. e5 Nd5 3. d4 d6 4. Nf3 Bg4 5. Be2 e6 6. 0-0 Be7 7. exd6 cxd6 8. h3 Bh5 9. c4 Nb6 10. Nc3 0-0 11. a4 Na6 12. a5 Nd7 13. Qb3 Qc8 14. Bf4 Rd8 15. Rfe1 Nf6 16. g4 Bg6 17. Nh4 Nc7 18. Nxg6 hxg6 19. Bf3 Rb8 20. Bg3 b6 21. axb6 Rxb6 22. Qc2 Na6 23. b3 d5 24. c5 Nb4 25. Qd2 Rb7 26. g5 Nd7 27. h4 Nc6 28. Qd1 Rb4 29. Ne2 Qb7 30. Ra3 a5 31. Qd3 1/2-1/2

[Event "Senica 6th"]
[Site "Senica"]
[Date "2015.08.28"]
[Round "4"]
[White "Komliakov, Viktor"]
[Black "Karas, Marek"]
[Result "1/2-1/2"]
[WhiteElo "2416"]
[BlackElo "2202"]
[PlyCount "73"]
[EventDate "2015.08.26"]
[EventType "tourn"]
[EventRounds "9"]
[EventCountry "SVK"]
[EventCategory "2"]
[SourceTitle "EXT 2016"]
[Source "ChessBase"]
[SourceDate "2015.10.08"]
[SourceVersion "1"]
[SourceVersionDate "2015.10.08"]
[SourceQuality "1"]

1. e4 e6 2. f4 d5 3. e5 c5 4. Nf3 Nc6 5. c3 Nh6 6. Na3 Nf5 7. Nc2 Be7 8. d4 cxd4 9. cxd4 Bd7 10. Bd3 Qb6 11. 0-0 Nb4 12. Nxb4 Qxb4 13. Kh1 Qb6 14. g4 Nh6 15. h3 0-0-0 16. Qe2 Kb8 17. Be3 a6 18. Rac1 Rc8 19. Kg2 Rxc1 20. Rxc1 Bb5 21. Bxb5 Qxb5 22. Qxb5 axb5 23. f5 exf5 24. g5 f4 25. Bxf4 Nf5 26. e6+ Bd6 27. Bxd6+ Nxd6 28. exf7 Nxf7 29. Rc5 Rd8 30. Rxb5 Kc7 31. Rc5+ Kd6 32. Rc2 Re8 33. Kf2 Nd8 34. Rc8 Kd7 35. Rc5 Kd6 36. Rc8 Kd7 37. Rc5 1/2-1/2

[Event "Moscow Victory Day-C"]
[Site "Moscow"]
[Date "2011.05.25"]
[Round "13"]
[White "Komliakov, Viktor"]
[Black "Khruschiov, Alexey"]
[Result "1/2-1/2"]
[WhiteElo "2428"]
[BlackElo "2406"]
[PlyCount "36"]
[EventDate "2011.05.10"]
[EventType "tourn"]
[EventRounds "13"]
[EventCountry "RUS"]
[EventCategory "2"]
[SourceTitle "EXT 2012"]
[Source "ChessBase"]
[SourceDate "2011.11.24"]
[SourceVersion "1"]
[SourceVersionDate "2011.11.24"]
[SourceQuality "1"]

1. e4 c5 2. Nf3 Nc6 3. d4 cxd4 4. Nxd4 Nf6 5. Nc3 e6 6. Ndb5 Bb4 7. a3 Bxc3+ 8. Nxc3 d5 9. exd5 exd5 10. Bd3 0-0 11. 0-0 d4 12. Ne4 Bf5 13. Bg5 Bxe4 14. Bxe4 h6 15. Bxf6 Qxf6 16. Qf3 Qxf3 17. Bxf3 Rac8 18. Rfd1 b6 1/2-1/2

[Event "Moscow Victory Day-C"]
[Site "Moscow"]
[Date "2011.05.22"]
[Round "11"]
[White "Komliakov, Viktor"]
[Black "Rozanov, Pavel B"]
[Result "1-0"]
[WhiteElo "2428"]
[BlackElo "2276"]
[PlyCount "65"]
[EventDate "2011.05.10"]
[EventType "tourn"]
[EventRounds "13"]
[EventCountry "RUS"]
[EventCategory "2"]
[SourceTitle "EXT 2012"]
[Source "ChessBase"]
[SourceDate "2011.11.24"]
[SourceVersion "1"]
[SourceVersionDate "2011.11.24"]
[SourceQuality "1"]

1. e4 e6 2. d3 b5 3. a4 b4 4. Nf3 Bb7 5. Be2 c5 6. 0-0 Nc6 7. c3 d5 8. exd5 Qxd5 9. a5 Rc8 10. a6 Ba8 11. Qa4 Nf6 12. d4 cxd4 13. Nxd4 Be7 14. Bf3 Qd6 15. Nxc6 Bxc6 16. Bxc6+ Rxc6 17. Rd1 Qc7 18. Bf4 Qc8 19. Bd6 Nd5 20. c4 Bxd6 21. cxd5 exd5 22. Rc1 Kd7 23. Nd2 Bf4 24. Qb5 Qc7 25. Qxd5+ Bd6 26. Rxc6 Qxc6 27. Qxf7+ Be7 28. Nf3 Qf6 29. Qd5+ Qd6 30. Ne5+ Ke8 31. Qa8+ Bd8 32. Re1 Kf8 33. Qxa7 1-0

[Event "Moscow Victory Day-C"]
[Site "Moscow"]
[Date "2011.05.16"]
[Round "6"]
[White "Komliakov, Viktor"]
[Black "Paravyan, David"]
[Result "1-0"]
[WhiteElo "2428"]
[BlackElo "2151"]
[PlyCount "75"]
[EventDate "2011.05.10"]
[EventType "tourn"]
[EventRounds "13"]
[EventCountry "RUS"]
[EventCategory "2"]
[SourceTitle "EXT 2012"]
[Source "ChessBase"]
[SourceDate "2011.11.24"]
[SourceVersion "1"]
[SourceVersionDate "2011.11.24"]
[SourceQuality "1"]

1. e4 e5 2. Nf3 Nc6 3. Bc4 Nf6 4. d3 h6 5. 0-0 d6 6. a4 g6 7. a5 Bg7 8. c3 0-0 9. Re1 Qe7 10. Nbd2 Kh8 11. Nf1 Nh7 12. a6 b6 13. d4 Bd7 14. Ne3 Rae8 15. Nd5 Qd8 16. dxe5 Nxe5 17. Nxe5 dxe5 18. Nb4 c5 19. Nd5 f5 20. Qe2 f4 21. f3 g5 22. Rd1 Qc8 23. g4 h5 24. h3 hxg4 25. hxg4 Bxg4 26. Nxb6 axb6 27. a7 Bh5 28. Bd5 g4 29. Qh2 Nf6 30. a8Q g3 31. Qh4 Qxa8 32. Rxa8 Rxa8 33. Bxa8 Rxa8 34. Bxf4 exf4 35. e5 Nh7 36. Qxh5 Kg8 37. e6 Nf6 38. Qf7+ 1-0